Sediment transport in gravel-bed rivers / (Record no. 532197)

000 -LEADER
fixed length control field 01233pam a2200337 a 4500
001 - CONTROL NUMBER
control field 1461272
003 - CONTROL NUMBER IDENTIFIER
control field NUST
005 - DATE AND TIME OF LATEST TRANSACTION
control field 20191112123846.0
008 - FIXED-LENGTH DATA ELEMENTS--GENERAL INFORMATION
fixed length control field 860708s1987 enka b 001 0 eng
010 ## - LIBRARY OF CONGRESS CONTROL NUMBER
LC control number 86015954
020 ## - INTERNATIONAL STANDARD BOOK NUMBER
International Standard Book Number 0471909149 :
Terms of availability $90.00 (U.S.)
038 ## - RECORD CONTENT LICENSOR
Staff Name MSOHAIL
040 ## - CATALOGING SOURCE
Original cataloging agency DLC
Transcribing agency DLC
Modifying agency DLC
050 00 - LIBRARY OF CONGRESS CALL NUMBER
Classification number TC175.2
Item number .S37 1987
082 00 - DEWEY DECIMAL CLASSIFICATION NUMBER
Classification number 551.353
Edition number 19
245 00 - TITLE STATEMENT
Title Sediment transport in gravel-bed rivers /
Statement of responsibility, etc. edited by C.R. Thorne, J.C. Bathurst, and R.D. Hey.
260 ## - PUBLICATION, DISTRIBUTION, ETC.
Place of publication, distribution, etc. Chichester [West Sussex] ;
-- New York :
Name of publisher, distributor, etc. J. Wiley,
Date of publication, distribution, etc. c1987.
300 ## - PHYSICAL DESCRIPTION
Extent xv, 995 p. :
Other physical details ill. ;
Dimensions 24 cm.
500 ## - GENERAL NOTE
General note "A Wiley-Interscience publication."
504 ## - BIBLIOGRAPHY, ETC. NOTE
Bibliography, etc. note Includes bibliographies and index.
650 #0 - SUBJECT ADDED ENTRY--TOPICAL TERM
Topical term or geographic name entry element Sediment transport.
9 (RLIN) 13104
650 #0 - SUBJECT ADDED ENTRY--TOPICAL TERM
Topical term or geographic name entry element Bed load.
9 (RLIN) 25554
650 #0 - SUBJECT ADDED ENTRY--TOPICAL TERM
Topical term or geographic name entry element River channels.
9 (RLIN) 25555
700 1# - ADDED ENTRY--PERSONAL NAME
Personal name Thorne, C. R.
Fuller form of name (Colin R.)
9 (RLIN) 25556
700 1# - ADDED ENTRY--PERSONAL NAME
Personal name Bathurst, J. C.
Fuller form of name (James C.)
9 (RLIN) 25557
700 1# - ADDED ENTRY--PERSONAL NAME
Personal name Hey, R. D.
Fuller form of name (Richard David)
9 (RLIN) 25558
856 4# - ELECTRONIC LOCATION AND ACCESS
Materials specified Table of Contents
Uniform Resource Identifier <a href="http://www.loc.gov/catdir/toc/onix03/86015954.html">http://www.loc.gov/catdir/toc/onix03/86015954.html</a>
856 42 - ELECTRONIC LOCATION AND ACCESS
Materials specified Publisher description
Uniform Resource Identifier <a href="http://www.loc.gov/catdir/enhancements/fy0706/86015954-d.html">http://www.loc.gov/catdir/enhancements/fy0706/86015954-d.html</a>
906 ## - LOCAL DATA ELEMENT F, LDF (RLIN)
a 7
b cbc
c orignew
d 1
e ocip
f 19
g y-gencatlg
942 ## - ADDED ENTRY ELEMENTS (KOHA)
Source of classification or shelving scheme
Koha item type Book
Holdings
Withdrawn status Lost status Source of classification or shelving scheme Damaged status Not for loan Permanent Location Current Location Date acquired Total Checkouts Full call number Barcode Date last seen Price effective from Koha item type
          School of Civil and Environmental Engineering (SCEE) School of Civil and Environmental Engineering (SCEE) 11/12/2019   551.353 NIT-12110 11/12/2019 11/12/2019 Book
© 2023 Central Library, National University of Sciences and Technology. All Rights Reserved.